Séminaire Schwartz, année 1953/1954. Produits tensoriels topologiques d'espaces vectoriels topologiques. Espaces vectoriels topologiques nucléaires. Applications.

Guardado en:
Formato: Libro
Idioma:French
Publicado: Paris : Secrétariat mathématique, 1954.
Etiquetas: Agregar Etiqueta
Sin Etiquetas, Sea el primero en etiquetar este registro!
LEADER 00489nam a22001215a 4500
001 MAT.inmabb000718
008 051017s1954####fr############001#0#fre##
005 20170803121807.0
245 |a Séminaire Schwartz, année 1953/1954. Produits tensoriels topologiques d'espaces vectoriels topologiques. Espaces vectoriels topologiques nucléaires. Applications. 
260 |a Paris :  |b Secrétariat mathématique,  |c 1954. 
510 4 |a MR,  |c 17,764a 
084 |a 54-XX  |2 msc2000 
859 |h 54  |i Se471  |p A-517  |b BIB. MATEMATICA